Research methodology. V1 (Record no. 314229)
[ view plain ]
| 000 -LEADER | |
|---|---|
| fixed length control field | 00470nam a2200193 4500 |
| 005 - DATE & TIME | |
| control field | 20240219155327.0 |
| 008 - FIXED-LENGTH DATA ELEMENTS--GENERAL INFORMATION | |
| fixed length control field | 240219b |||||||| |||| 00| 0 eng d |
| 020 ## - ISBN | |
| International Standard Book Number | 9789393313158 |
| Price | Rs. 1995.00 |
| 040 ## - CATALOGING SOURCE | |
| Original cataloging agency | VIVEKANANDA LIBRARY |
| 082 ## - DDC NUMBER | |
| Classification number | 300.72 |
| Book Number | B469R |
| 100 ## - MAIN ENTRY--PERSONAL NAME | |
| Personal name | Bhardwaj, Seema |
| 245 ## - TITLE STATEMENT | |
| Title | Research methodology. V1 |
| 260 ## - PUBLICATION, DISTRIBUTION, ETC. (IMPRINT) | |
| Place of publication, distribution, etc | Jaipur |
| Name of publisher, distributor, etc | Paradise |
| Date of publication, distribution, etc | 2024 |
| 300 ## - PHYSICAL DESCRIPTION | |
| Pages | 298 |
| 650 ## - Subject | |
| Subject | Resesrch Methodology |
| 650 ## - Subject | |
| Subject | Social Science |
| 942 ## - ADDED ENTRY ELEMENTS (KOHA) | |
| Koha item type | Books |
| Withdrawn status | Lost status | Source of classification or shelving scheme | Damaged status | Not for loan | Location (home branch) | Sublocation or collection (holding branch) | Date acquired | Koha issues (times borrowed) | Koha full call number | Accession No. | Koha date last seen | Copy number | Koha item type |
|---|---|---|---|---|---|---|---|---|---|---|---|---|---|
| Dewey Decimal Classification | VIVEKANANDA LIBRARY | VIVEKANANDA LIBRARY | 19/02/2024 | 300.72 B469R | 408954 | 19/02/2024 | V1 | Books | |||||
| Dewey Decimal Classification | VIVEKANANDA LIBRARY | VIVEKANANDA LIBRARY | 19/02/2024 | 300.72 B469R | 408955 | 19/02/2024 | V2 | Books | |||||
| Dewey Decimal Classification | VIVEKANANDA LIBRARY | VIVEKANANDA LIBRARY | 19/02/2024 | 300.72 B469R | 408956 | 19/02/2024 | V3 | Books | |||||
| Dewey Decimal Classification | VIVEKANANDA LIBRARY | VIVEKANANDA LIBRARY | 19/02/2024 | 300.72 B469R | 408957 | 19/02/2024 | V4 | Books | |||||
| Dewey Decimal Classification | VIVEKANANDA LIBRARY | VIVEKANANDA LIBRARY | 19/02/2024 | 300.72 B469R | 408958 | 19/02/2024 | V5 | Books |
